000
00313nam a22001457a 4500
020
_a
978-93-5811-714-1
082
_a
894.812.3
_b
VAR/T
100
_a
PAUL VARGHESE, DEEPTHI
245
_a
2020 MASK
260
_a
THRISSUR
_b
EELIYA BOOKS
_c
2020
300
_a
202
520
_a
NOVEL
650
_a
NOVEL
942
_c
BK
999
_c
5292
_d
5292